| 000 | 00492nam a22001697a 4500 | ||
|---|---|---|---|
| 005 | 20150124124016.0 | ||
| 008 | 121105t mx||||| |||| 00| 0 spa d | ||
| 020 | _a9700752399 | ||
| 050 | 0 | 4 |
_aKGF1400 _bC47 2001 |
| 100 | 1 | _aCervantes Ahumada, Raúl | |
| 245 | 1 | 0 |
_aDerecho marítimo / _cRaúl Cervantes Ahumada |
| 250 | _a2a ed. | ||
| 260 |
_aMéxico : _bEditorial Porrúa, _cc2001 |
||
| 300 |
_axxxviii, 1006 p. ; _c23 cm. |
||
| 650 | 7 |
_2LEMB _aDerecho marítimo _zMéxico |
|
| 942 |
_2lcc _cLIB |
||
| 999 |
_c34463 _d34463 |
||